Statistiken für Zufällige Schweizer Städte auf einer Karte

Klicken Sie hier um das Quiz zu spielen!

Allgemein

  • Dieses Quiz wurde 493 mal gespielt
  • Das Durchschnittsergebnis liegt bei 12 aus 20

Antworten auf der Karte

Die Antworten werden auf der Karte rot bzw. grün angezeigt, abhängig davon wie oft sie richtig erraten wurden.
 

Antwortstatistiken

Ort% Korrekt
Genf
98%
Zürich
96%
Basel
95%
Lugano
95%
Luzern
95%
Chur
92%
Bern
91%
Schaffhausen
89%
Aarau
83%
Zug
82%
Appenzell
81%
Frauenfeld
80%
Locarno
80%
Sitten
79%
Solothurn
78%
Biel/Bienne
77%
Lausanne
74%
Thun
74%
Liestal
73%
St. Gallen
73%
Winterthur
73%
Zermatt
73%
Interlaken
69%
Neuenburg
69%
St. Moritz
69%
Delsberg
67%
Stans
67%
Bellinzona
64%
Davos
64%
Glarus
62%
Altdorf
60%
Rapperswil-Jona
60%
Herisau
58%
Freiburg
57%
Montreux
57%
Wil
57%
Schwyz
56%
Uster
56%
Kreuzlingen
53%
Wädenswil
53%
Olten
52%
Sarnen
51%
Baden
50%
Nyon
50%
La Chaux-de-Fonds
49%
Baar
48%
Köniz
46%
Yverdon-les-Bains
45%
Martigny
44%
Emmen
43%
Kriens
39%
Vevey
37%
Rheinfelden
36%
Dietikon
34%
Arbon
33%
Burgdorf
31%
Bulle
29%
Lyss
29%
Riehen
28%
Bülach
25%
Wetzikon
22%
Dübendorf
21%
Morges
20%
Vernier
17%
Monthey
15%
Lancy
13%
Meyrin
11%

Verteilung der Resultate

Perzentil nach korrekt beantworteten Fragen

Anzahl Personen mit jedem Resultat

Ihre Resultats-Entwicklung

Sie haben dieses Quiz noch nicht gespielt